Midnight Rain lyrics - Statistics

General Stats
  • This quiz has been taken 112 times
  • The average score is 239 of 280
Answer Stats
Lyrics % Correct
my
100%
My
100%
a
98%
A
98%
he
98%
He
98%
I
98%
it
98%
It
98%
me
98%
me,
98%
Rain,
98%
rain
98%
that
98%
the
98%
comfortable
96%
midnight
96%
own
96%
same
96%
stayed
96%
wanted
96%
wanted,
96%
was
96%
when
96%
All
94%
all
94%
bride
94%
name,
94%
pain
94%
chasing
92%
fame
92%
like
92%
making
92%
of
92%
sunshine,
92%
So
90%
changed
88%
some,
84%
some
84%
we
82%
and
80%
And
80%
for
80%
him,
80%
But
78%
I'm
78%
love
78%
on
78%
paradise
78%
town
78%
'cause
76%
'Cause
76%
every
76%
montage
76%
Full
74%
full
74%
wasteland
74%
just
72%
never
72%
think
72%
thinks
72%
this
72%
this)
72%
gave
70%
get
70%
TV
70%
day
68%
except
68%
heart
68%
in
68%
life
68%
pretenders
68%
what
68%
away
66%
boy
66%
cages,
66%
it's
66%
midnights
66%
(Midnights
66%
nice
66%
guess
64%
his
64%
queens
64%
sometimes
64%
broke
62%
kind
62%
Pagaent
62%
came
60%
fences
60%
ocean
60%
postcard
60%
potion
60%
haunted,
58%
haunted
58%
motion,
58%
slow
58%
candy
56%
off
56%
things
56%
perfect,
54%
time
52%
Holiday,
50%
peppermint
50%
window
50%
family
48%
Jumping
48%
Picture
48%
shiny
48%
through
48%
unravel
46%
travel
42%
deep
34%
peered
34%
big
32%
portal,
30%
No matching quizzes found
Score Distribution
Percent of People with Each Score
Percentile by Number Answered
Your Score History
You have not taken this quiz